Logo BPK

Biblioteka

Politechniki Koszalińskiej

Programowanie obiektowe w Turbo Pascalu 7.0 z wykorzystaniem biblioteki Turbo Vision / (Rekord nr 32096)

Szczegóły MARC
000 -ETYKIETA REKORDU
podpole kontrolne o stałej długości 00678nam a2200229 i 4500
001 - NUMER KONTROLNY REKORDU
pole kontrolne bg
020 ## - MIĘDZYNARODOWY ZNORMALIZOWANY NUMER KSIĄŻKI - ISBN
ISBN 8385545166
040 ## - ŹRÓDŁO KATALOGOWANIA
Instytucja, która utworzyła rekord BPK
041 0# - KOD JĘZYKA
Kod języka tekstu pl
080 ## - UNIWERSALNA KLASYFIKACJA DZIESIĘTNA - UKD
UKD 681.322.06:519.682Pascal](075.8)
920 ## - Międzynarodowy znormalizowany numer książki – ISBN
ISBN 83-85545-16-6
008 - POLE O STAŁEJ DŁUGOŚCI - DANE KONTROLNE
podpole kontrolne o stałej długości s pl f |000 0 pol
100 1# - NAZWA OSOBOWA
Nazwa osobowa WIERZBICKI, Marek
245 10 - TYTUŁ/ODPOWIEDZIALNOŚĆ
Tytuł Programowanie obiektowe w Turbo Pascalu 7.0 z wykorzystaniem biblioteki Turbo Vision /
Pozostałe elementy strefy tytułu i oznaczenia odpowiedzialności Marek Wierzbicki.
250 ## - STREFA WYDANIA
Oznaczenie wydania [Wyd.1 nakł.2].
260 ## - STREFA ADRESU WYDAWNICZEGO
Miejsce wydania Warszawa :
Nazwa wydawcy/dystrybutora "Lupus",
Data publikacji, dystrybucji/powstania dokumentu 1994.
300 ## - STREFA OPISU FIZYCZNEGO
Objętość 323, [1] s. :
Inne cechy fizyczne rys. ;
Rozmiary 24 cm.
504 ## - UWAGA DOTYCZĄCA BIBLIOGRAFII
Informacje o bibliografii Bibliogr. s. 319-320. - Indeks.
630 09 - HASŁO PRZEDMIOTOWE W FORMIE TYTUŁU UJEDNOLICONEGO
Tytuł ujednolicony PASCAL
655 ## - TERMIN INDEKSOWY - OKREŚLENIE RODZAJU/FORMY DOKUMENTU
Określenie rodzaju/formy dokumentu Podręczniki akademickie
856 ## - LOKALIZACJA I DOSTĘP DO ELEKTRONICZNYCH DOKUMENTÓW ZDALNYCH
Link (URL) http://koha.tu.koszalin.pl/cgi-bin/koha/opac-detail.pl?biblionumber=32096
Tekst linku Katalog online BPK
942 ## - DODATKOWE ELEMENTY (KOHA)
Typ dokumentu Książka
Egzemplarze
Wycofany Status egzemplarza Uszkodzony Dostępność Lokalizacja stała Lokalizacja bieżąca Miejsce przechowywania Sygnatura Kod kreskowy Typ dokumentu
      Dostępny Biblioteka Politechniki Koszalińskiej Biblioteka Politechniki Koszalińskiej Wypożyczalnia BG 40226 01264340 Książka
© 2023 Biblioteka Politechniki Koszalińskiej :: KOHA